Detroit Pistons by Jersey Number - Statistics

General Stats
  • This quiz has been taken 21 times
  • The average score is 19 of 58
Answer Stats
Jersey Number Players % Correct
2 Cade Cunningham | Stacey Augmon | Mark Macon
89%
11 Isiah Thomas | Bob McAdoo | Bubbles Hawkins | Dennis Boyd | Phil Sellers | Archie Clark | Jack Kiley
67%
23 Jaden Ivey | Blake Griffin | Ersan Ilyasova | Walker Russell | Cedric Ceballos | Aaron McKie | Tracy Moore | Charles Jones | Melvin Newbern | Mark Aguirre | Walker Russell | Earl Cureton | Tom Workman | Steve Mix | McCoy McLemore | Jim Fox | John Tresvant | Hub Reed | Walker Dukes | Richie Niemiera
67%
0 Jalen Duren | Dennis Smith Jr | Andre Drummond | Olden Polynice | Orlando Woolridge
67%
4 Joe Dumars | Mel Hutchins | Andy Phillip | Ray Corley | Zeke Sinicola | John Oldham
67%
22 Glenn Robinson III | Kay Felder | Avery Bradley | Steve Blake | Tayshaun Prince | John Crotty | John Salley | Terry Teagle | David Thirdkill | Ricky Pierce | Jeff Judkins | Larry Drew | Essie Hollis | Gus Gerard | Henry Dickerson | Stu Lantz | Dave DeBusschere | Ray Scott | Archie Dees | Dick Farley
56%
1 Reggie Jackson | Andre Drummond | Tracy McGrady | Allen Iverson | Chauncey Billups | Dana Barros | Lindsey Hunter | Kevin Porter
56%
40 Bill Laimbeer
44%
10 Greg Monroe | Lindsey Hunter | Dennis Rodman | Glenn Hagan | Ralph Simpson | Kevin Porter | Don Adams | Isaiah Wilson | George Reynolds | Bud Olsen | Paul Long | Chico Vaughn | Rod Thorn | Don Ohl | Tony Windis | Billy Kenville | Barney Cable | Harry Hallatin | Bill Thieben | Jim Holstein | Max Zaslofsky | Fred Scolari | Jack Kiley | Dick Mehen | Bob Carpenter
44%
8 Jared Rhoden | Trey Lyles | Braxton Key | Wayne Ellington | Markieff Morris | Henry Ellenson | Spencer Dinwiddie | Jose Calderon | Ben Gordon | Juan Dixon | Will Blalock | Darin Ham | Bison Dele | Willie Norwood | Walt Bellamy | Tom Marshall | Doug Bolstorff | Odie Spears | Corky Devlin | Bob Houbregs | Jim Fritsche | Leo Barnhorst | Fred Schaus
44%
34 Justin Robinson | Tobias Harris | Peyton Siva | Dale Davis | Corliss Williamson | Pete Chilcutt | Olden Polynice | Fennis Dembo | Sidney Lowe | Ken Austin | Jim Zoet | James Wilkes | Jim Johnstone | John Schumate
44%
7 Killian Hayes | Thon Maker | Stanley Johnson | Brandon Jennings | Brandon Knight | Ben Gordon | Primoz Brezec | Smush Parker | Anthony Goldwire | Mike James | Chucky Atkins | Rafael Addison | Kelly Tripucka | Dick Atha | Gene Shue | Corky Devlin | Frankie Brian | Leo Klier
44%
25 Marcus Sasser | Derrick Walton | Tyler Cook | Derrick Rose | Reggie Bullock | Kyle Singler | Amir Johnson | Steve Bardo | Oliver Miller | Gerald Glass | William Bedford | John Long | Fred Foster | Dave Gambee | Dorie Murrey | Bob Duffy | Johnny Egan | Ward Williams
44%
3 Stanley Johnson | Shawne Williams | Rodney Stuckey | Ben Wallace | Mark Macon | Randolph Childress | Lou Roe | Alvin Robertson | Brad Sellers | Stan Kimbrough | Curly Armstrong
44%
15 Vinnie Johnson | Larry Wright | Jim Price | John Mengelt | Jackie Moreland | Dick McGuire | Odie Spears | Johnny Horan | Jesse Arnelle | Dick Rosenthal | Ken Murray | Leo Barnhorst | John Mahnken | Jack Kerris
44%
5 Alec Burks | Frank Jackson | Luke Kennard | Kentavious Caldwell-Pope | Austin Daye | Walter Herrmann | Maurice Evans | Horace Jenkins | Bob Sura | Danny Manning | Rodney White | Billy Owens | Jermaine Jackson | Charles O'Bannon | Darrell Walker | Ben Kelso | Happy Hairston | Tom Van Arsdale | Willie Jones | Chuck Noble | Paul Walther | Zeke Sinicola | Dick Groat | Richie Niemiera | Ralph Johnson
33%
9 Ausar Thompson | Nerlens Noel | Jerami Grant | Langston Galloway | Michael Gbinije | John Lucas III | Tony Mitchell | Damien Wilkins | Chris Wilcox | Jarvis Hayes | Victor Alexander | Kornel David | Litterial Green | Walter Bond | Lionel Hollins | Jackie Robinson | Wali Jones | Ron Johnson | Bull Thieben | Joe Holup | Mel Hutchins | Jim Riffey | Ken Murray | Bob Harris | Jerry Negal
33%
16 Bob Lanier | Joe Strawder | Don Kojis | Bob Ferry | Gary Alcorn | Phil Jordon | Larry Foust | Bill Henry
33%
44 Bojan Bogdanović | Luis Montero | Derrick Coleman | Hubert Davis | Ratko Varda | John Wallace | Rick Mahorn | Tom Owens | Paul Mokeski | Steve Malovic | Al Eberhard | Sonny Dove
33%
84 Chris Webber
33%
21 Earl Evans | Dave Bing | John Barnhill | Joe Caldwell | Kevin Loughery | Gene Shue
33%
6 Hamidou Diallo | Bruce Brown | Darrun Hilliard | Josh Smith | Ben Wallace | Ronald Murray | Alex Acker | Pepe Sanchez | Terry Mills | Orlando Woolridge | Shellie McMillion | Billy Kenville | Bill Ebben | Red Rocha | Chuck Cooper | Max Zaslofsky | Jack Molinas | Jake Fendley | Duane Klueh
33%
53 James Edwards | Cliff Levingston | Paul Mokeski
33%
13 James Wiseman | Kelly Olynyk | Jahlil Okafor | Khyri Thomas | Marcus Morris | Gigi Datome | Nazr Mohammed | Kelvin Cato | Mehmet Okur | Jerome Williams | Leon Douglas | Don Boven
33%
31 Joe Harris | Trayvon Palmer | John Henson | Caron Butler | Charlie Villanueva | Darko Milicic
33%
30 Jon Leuer | Carlos Arroyo | Rasheed Wallace | Clifford Robinson | Jud Buechler | Kenny Smith | Marcus Liberty | Bob McCann | Tree Rollins | Jackie Robinson | Ron Lee | M.L. Carr | Ben Kelso | Howard Komives | Jake Pelkington | Bill Henry
33%
32 Justin Harper | Khris Middleton | Richard Hamilton | Joe Smith | Christian Laettner | Negele Knight | Sean Elliott | Lance Blanks | Dan Roundfield | Jim Smith | Kenny Carr | Greg Kelser | Larry McNeill | Otis Howard | Jim Bostic | Ralph Simpson | Bob Kinney
33%
20 Malcolm Cazalon | Kevin Knox | Carsen Edwards | Josh Jackson | Brandon Knight | Wayne Ellington | Dwight Buycks | Quincy Miller | Jodie Meeks | Vernon Macklin | Carlos Delfino | Jon Barry | Marcus Brown | Khalid Reeves | Corey Beck | Allan Houston | Danny Young | William Bedford | Roger Brown | Jim Davis | Otto Moore | George Patterson | Bob Hogsett | Ron Reed | Hub Reed | Bob Tough
33%
41 Mike Muscala | Saddiq Bey | Jameer Nelson | Elden Campbell | Mark West | Tod Murphy | Jim Rowinski | Kurt Nimphius | Cozell McQueen | Terry Tyler
33%
36 Rasheed Wallace | Paul Long | Ralph Hamilton
33%
17 Stanley Umude | Rodney McGruder | Tony Snell | Chucky Atkins | Bill Curley | Terry Driscoll | Len Chappell | Bill Buntin | Darrall Imhoff | Earl Lloyd | Bob Houbregs | Monk Meineke | Jim Riffey | Don Otten | Clint Wager
33%
33 Willie Reed | James Ennis III | Jonas Jerebko | Grant Hill | Greg Anderson | Dave Greenwood | Walker Russell | Keith Herron | Jim McElroy | Bob Nash
33%
14 Alec Burks | Stanley Umude | R.J. Hampton | Cassius Stanley | Louis King | Ish Smith | D.J. Augustin | Damon Jones | Malik Sealy | Charles Thomas | Lorenzo Romar | Eric Money | Bob Quick | Eddie Miles | Danny Doyle | Chick Noble | Walter Dukes | Billy Kenville | Any Phillip | Bill Closs | John Hargis | Bob Harris
22%
26 Andre Wakefield | Bill Ligon | Harvey Marlatt | Paul Long | Leo Klier
22%
43 Anthony Tolliver | Grant Long | Tony Fuller | Otto Moore | Terry Dischinger
22%
51 Boban Marjanović | Ben Coleman | Erwin Mueller
22%
27 Buddy Boeheim | Zaza Pachulia | Steve Sheppard | Ron Behagen
22%
00 Cheick Diallo | Tony Delk | Eric Montross | William Bedford | Tony Campbell
22%
18 Cory Joseph | Jordan Bone | Zach Lofton | Curtis Rowe | McCoy McLemore | Bob Warlick | Terry Dischinger | Bailey Howell | Alex Hannum | Don Bielke | Jesse Arnelle | Al Roges | Chuck Share
22%
12 Danilo Gallinari | Isaiah Livers | Derrick Walton | Tim Frazier | Aron Baynes | Will Bynum | Ronald Dupree | Steve Henson | Michael Curry | Johnny Dawkins | David Wood | Gerald Henderson | Pace Mannion | Sidney Green | Wayman Britt | Cliff Williams | George Carter | Wayne Hightower | Ray Scott | George Lee | Ed Conlin | George Yardley | Dike Eddleman | Art Burris | Howe Schultz | Charlie Black
22%
91 Deividas Sirvydis
22%
28 Isaiah Stewart | Arron Afflalo | Dick Triptow
22%
37 Jack Smiley
22%
54 Jason Maxiell | Mike Peplowski | Ron Moore | Kent Benson | Howard Porter
22%
42 Jaysean Paige | Donta Hall | Walter Sharpe | Jerry Stackhouse | Theo Ratliff | Mark Randall | Chuck Nevitt | Ron Crevier | Edgar Jones | Wayne Robinson | Terry Duerod | Jim Brewer | Chris Ford
22%
50 Joel Anthony | Corey Maggette | Otis Thorpe | Jeff Ruland | Darryl Dawkins | Edmund Lawrence | Lee Johnson | Norman Black | Ben Poquette | Terry Thomas
22%
81 José Calderón
22%
24 Kevin Knox | Jamorko Pickett | Mason Plumlee | Kalin Lucas | Eric Moreland | Kim English | Antonio McDyess | Tremaine Fowlkes | Mateen Cleaves | Mark Aguirre | Micheal Williams | Ray Tobert | Scott May | Alan Hardy | Roy Hamilton | Essie Hollis | Rickey Green | Marvin Barnes | Jimmy Walker | Larry Staverman | Donnie Butcher | Nat Clifton | Blackie Towery | John Mahnken
22%
29 Leo Mogus | Charlie Black
22%
55 Luka Garza | Delon Wright | Josh Harrellson | Viacheslav Kravtsov | Earl Williams
22%
88 Markieff Morris
22%
35 Marvin Bagley III | Christian Wood | Cartier Marin | DaJuan Summers | Cheikh Samb | Brian Cardinal | Loy Vaught | Isaiah Morris | Scott Hastings | Steve Harris | Ralph Lewis | Jeff Taylor | John Schweitz | Mike Gibson | Major Jones | Phil Hubbard | Earl Tatum | Al Skinner | Walt Kirk | Bruce Hale
22%
19 Micah Potter | Svi Mykhailiuk | Beno Udrih | Rich Niemann | Len Chappell | Reggie Harding | Odie Spears
22%
38 Saben Lee | Reggie Hearn | Kwame Brown
22%
45 Sekou Doumbouya | Korleone Young | Eric Leckner | Dan O'Sullivan | Adrian Dantley | Cornelius Cash | Lindsay Hairston
11%
97 Eugene Omoruyi
0%
52 Jordan McRae | Don Reid | Ivano Newbill | Steve Hayes
0%
39 Željko Rebrača
0%
No matching quizzes found
Score Distribution
Percent of People with Each Score
Percentile by Number Answered
Your Score History
You have not taken this quiz